Lịch sử các học thuyết kinh tế
Cuốn sách đã vẽ lại bức tranh sinh động của sự phát triển tư duy kinh tế chung của nhân loại, của các nhà kinh tế lớn trong lịch sử từ trước đến nay.
Bewaard in:
| Formaat: | Boek |
|---|---|
| Taal: | Undetermined |
| Gepubliceerd in: |
Hà Nội
Nxb. Đại học Quốc gia Hà Nội
2010
|
| Onderwerpen: | |
| Tags: |
Voeg label toe
Geen labels, Wees de eerste die dit record labelt!
|
| Thư viện lưu trữ: | Trung tâm Học liệu Trường Đại học Cần Thơ |
|---|
| LEADER | 00842nam a2200205Ia 4500 | ||
|---|---|---|---|
| 001 | CTU_211024 | ||
| 008 | 210402s9999 xx 000 0 und d | ||
| 020 | |c 79000 | ||
| 082 | |a 330.09 | ||
| 082 | |b L302 | ||
| 245 | 0 | |a Lịch sử các học thuyết kinh tế | |
| 245 | 0 | |c Mai Quế Anh ... [ et al.] | |
| 260 | |a Hà Nội | ||
| 260 | |b Nxb. Đại học Quốc gia Hà Nội | ||
| 260 | |c 2010 | ||
| 520 | |a Cuốn sách đã vẽ lại bức tranh sinh động của sự phát triển tư duy kinh tế chung của nhân loại, của các nhà kinh tế lớn trong lịch sử từ trước đến nay. | ||
| 650 | |a Kinh tế học,Economics | ||
| 650 | |x Lịch sử,History | ||
| 904 | |i Lê Thị Giàu,Hải | ||
| 980 | |a Trung tâm Học liệu Trường Đại học Cần Thơ | ||